01214nam a2200205 450000500170000000800410001704000440005804100080010208200120011010000380012224200940016024500870025426001010034130000310044250004440047350500270091750600210094454600230096565000200098820250321153314.0250321s1914 fr |||||r|||| 00| e fre d aCO-BoUCMbspacSandra YazodSandra Yazo1 afre04220a8441 aMaeterlinck, Maurice, d1862-194900aObras de Mauricio Maeterlinck. bLa Sabiduría y el Destino.cMauricio Maeterlinck.yspa10aOeuvres de Maurice Maeterlinck.bLa Sagesse et la Destinée.cMaurice Maeterlinck aParís (Francia)bMercure de France. Ed. Garnier [Mercurio de Francia. Editorial Garnier]c1914 a322 páginasc19 x 13 cm. aDetalles físicos: Si encuadernación original, actualmente, encuadernación rígida (holandesa) en cartón forrado en papel texturizado (negro). Lomo en tela, con letras y líneas decorativas en dorado. Guardas. Anteportada. Portada impresa en una sola tinta; grabado con marca tipográfica del editor. Dedicatoria. Texto impreso en una sola columna. Márgenes amplios. Cortes decorados con jaspeados de color azul. Sin índice.2 aCapítulos I al CXVII aConsulta en sala aTexto en francés 7aEnsayos belgas